[Event "Lugo O Teu Xacobeo"]
[Site "Lugo"]
[Date "2022.10.15"]
[Round "8"]
[White "Casares Cabanas, Carlos"]
[Black "Starostits, Ilmars"]
[Result "0-1"]
[WhiteElo "2063"]
[BlackElo "2401"]
[PlyCount "46"]
[EventDate "2022.10.09"]
[EventType "tourn"]
[EventRounds "9"]
[EventCountry "ESP"]
[EventCategory "3"]
[SourceTitle "CBM 210 Extra"]
[Source "ChessBase"]
[SourceDate "2022.11.30"]
[SourceVersion "1"]
[SourceVersionDate "2022.11.30"]
[SourceQuality "1"]

1. e4 g6 2. d4 Bg7 3. Nc3 d6 4. f4 a6 5. Be3 b5 6. Bd3 Nd7 7. Nce2 c5 8. c3 Bb7 9. Nf3 Ngf6 10. Ng3 h5 11. e5 Ng4 12. Bg1 cxd4 13. cxd4 dxe5 14. dxe5 Qa5+ 15. Qd2 Qxd2+ 16. Kxd2 Bh6 17. Be3 Bxf3 18. gxf3 Nxe3 19. Kxe3 Nxe5 20. Be4 Nc4+ 21. Kf2 Rd8 22. f5 Rd2+ 23. Ke1 Be3 0-1

[Event "Lugo O Teu Xacobeo"]
[Site "Lugo"]
[Date "2022.10.13"]
[Round "6"]
[White "Casares Cabanas, Carlos"]
[Black "Strikovic, Aleksa"]
[Result "0-1"]
[WhiteElo "2063"]
[BlackElo "2484"]
[PlyCount "114"]
[EventDate "2022.10.09"]
[EventType "tourn"]
[EventRounds "9"]
[EventCountry "ESP"]
[EventCategory "3"]
[SourceTitle "CBM 210 Extra"]
[Source "ChessBase"]
[SourceDate "2022.11.30"]
[SourceVersion "1"]
[SourceVersionDate "2022.11.30"]
[SourceQuality "1"]

1. e4 d6 2. d4 Nf6 3. Nc3 Nbd7 4. Nf3 e5 5. Bc4 Be7 6. 0-0 Nb6 7. Be2 exd4 8. Nxd4 0-0 9. a4 a5 10. f4 c6 11. Bf3 d5 12. e5 Ne8 13. b3 f6 14. Bb2 fxe5 15. fxe5 Nc7 16. Kh1 Nd7 17. Qe2 Nc5 18. Bg4 N7e6 19. Rxf8+ Bxf8 20. Nxe6 Bxe6 21. Bf3 Qg5 22. Rf1 Re8 23. Nd1 Bf5 24. Nf2 Bg6 25. Nh3 Qh4 26. Nf2 Be7 27. g3 Qb4 28. Bh5 Bxh5 29. Qxh5 Rf8 30. Qe2 Nxa4 31. Ba1 Nc5 32. Kg2 a4 33. bxa4 Qxa4 34. Bc3 Qc4 35. Qxc4 dxc4 36. Ra1 Kf7 37. Ra7 Ke6 38. Bd4 Kd5 39. c3 Rb8 40. Nh3 Ne6 41. Nf4+ Nxf4+ 42. gxf4 Ke4 43. Kg3 g5 44. fxg5 Bxg5 45. Kg4 Be7 46. Bb6 h5+ 47. Kh3 Kd5 48. Bc7 Rf8 49. Ba5 Rf3+ 50. Kg2 Rf2+ 51. Kh3 Rb2 52. Ra8 Kxe5 53. Re8 Kf6 54. Rh8 Bd6 55. Rh6+ Ke7 56. Rh7+ Ke8 57. Rh8+ Kf7 0-1

[Event "Lugo O Teu Xacobeo"]
[Site "Lugo"]
[Date "2022.10.13"]
[Round "5"]
[White "Rey Malde, Henrique"]
[Black "Casares Cabanas, Carlos"]
[Result "0-1"]
[WhiteElo "2294"]
[BlackElo "2063"]
[PlyCount "140"]
[EventDate "2022.10.09"]
[EventType "tourn"]
[EventRounds "9"]
[EventCountry "ESP"]
[EventCategory "3"]
[SourceTitle "CBM 210 Extra"]
[Source "ChessBase"]
[SourceDate "2022.11.30"]
[SourceVersion "1"]
[SourceVersionDate "2022.11.30"]
[SourceQuality "1"]

1. e4 c5 2. Nf3 d6 3. d4 cxd4 4. Nxd4 Nf6 5. Nc3 a6 6. Rg1 g6 7. g4 Bg7 8. g5 Nfd7 9. Be3 Nc6 10. h4 Qa5 11. Qd2 Nxd4 12. Bxd4 Bxd4 13. Qxd4 Qe5 14. Qe3 Qc5 15. Qe2 Nb6 16. 0-0-0 Be6 17. Qd2 Rc8 18. Rg3 Nc4 19. Bxc4 Qxc4 20. f4 b5 21. a3 b4 22. axb4 Qxb4 23. Qd4 Qxd4 24. Rxd4 h6 25. b3 hxg5 26. hxg5 Rh4 27. Rf3 Bg4 28. Re3 Be6 29. Rf3 Bg4 30. Re3 Be6 31. Ne2 Rh2 32. c4 Rc5 33. Kd2 Ra5 34. Kd3 Ra2 35. f5 gxf5 36. e5 dxe5 37. Rxe5 Rb2 38. Nc1 Rh3+ 39. Re3 Rxe3+ 40. Kxe3 Rg2 41. Nd3 Rxg5 42. Rh4 Kf8 43. Rh8+ Kg7 44. Ra8 Rg3+ 45. Kd4 Rg4+ 46. Ke3 Rg3+ 47. Kd4 Rg4+ 48. Ke3 Rg3+ 49. Kd4 Rg4+ 50. Kc3 f4 51. Rxa6 f3 52. Ra1 Rg3 53. Rf1 Bf5 54. Nf4 Kh6 55. Kd4 Kg5 56. Nd5 e6 57. Ne3 f6 58. b4 Kf4 59. Nd1 e5+ 60. Kc5 e4 61. Kd4 Rg8 62. Nc3 Rd8+ 63. Nd5+ Kg3 64. Ke3 Ra8 65. Ne7 Ra3+ 66. Kd4 Rd3+ 67. Kc5 Bh3 68. Rg1+ Kh2 69. Rg6 f2 70. Rxf6 Rf3 0-1

[Event "Lugo O Teu Xacobeo"]
[Site "Lugo"]
[Date "2022.10.12"]
[Round "4"]
[White "Casares Cabanas, Carlos"]
[Black "Lopez Varela, Pablo"]
[Result "1/2-1/2"]
[WhiteElo "2063"]
[BlackElo "2293"]
[PlyCount "106"]
[EventDate "2022.10.09"]
[EventType "tourn"]
[EventRounds "9"]
[EventCountry "ESP"]
[EventCategory "3"]
[SourceTitle "CBM 210 Extra"]
[Source "ChessBase"]
[SourceDate "2022.11.30"]
[SourceVersion "1"]
[SourceVersionDate "2022.11.30"]
[SourceQuality "1"]

1. e4 c5 2. Nf3 d6 3. Bd3 Nc6 4. c3 g6 5. Bc2 Bg4 6. d3 Bg7 7. 0-0 Bxf3 8. Qxf3 Nf6 9. Nd2 0-0 10. Qe2 b5 11. Nf3 Nd7 12. Rd1 b4 13. d4 bxc3 14. bxc3 Qa5 15. Bd2 Qa3 16. Be1 Rab8 17. Bb3 cxd4 18. cxd4 Nxd4 19. Nxd4 Bxd4 20. Bxf7+ Rxf7 21. Rxd4 Nc5 22. Rad1 Ne6 23. R4d2 Qc5 24. g3 Ng5 25. Kg2 Qe5 26. Rd5 Qxe4+ 27. Qxe4 Nxe4 28. Ra5 Rb2 29. Rxa7 Nxf2 30. Ra8+ Kg7 31. Bc3+ Kh6 32. Rd2 Rxd2 33. Bxd2+ Kg7 34. Be3 Ne4 35. a4 e5 36. a5 d5 37. Ra7 d4 38. Bh6+ Kxh6 39. Rxf7 d3 40. Rd7 d2 41. a6 Nc5 42. Rxd2 Nxa6 43. Rd5 Nb4 44. Rxe5 Nc6 45. Rd5 Ne7 46. Rd7 Ng8 47. h4 Nf6 48. Rf7 Ng4 49. Kh3 Ne5 50. Re7 Nc6 51. Rc7 Ne5 52. Rc5 Nf7 53. g4 g5 1/2-1/2

[Event "Lugo O Teu Xacobeo"]
[Site "Lugo"]
[Date "2022.10.10"]
[Round "2"]
[White "Casares Cabanas, Carlos"]
[Black "Sousa, Andre Ventura"]
[Result "1/2-1/2"]
[WhiteElo "2063"]
[BlackElo "2469"]
[PlyCount "102"]
[EventDate "2022.10.09"]
[EventType "tourn"]
[EventRounds "9"]
[EventCountry "ESP"]
[EventCategory "3"]
[SourceTitle "CBM 210 Extra"]
[Source "ChessBase"]
[SourceDate "2022.11.30"]
[SourceVersion "1"]
[SourceVersionDate "2022.11.30"]
[SourceQuality "1"]

1. e4 c6 2. d4 d5 3. Nc3 dxe4 4. Nxe4 Nf6 5. Nxf6+ exf6 6. c3 Bd6 7. Bd3 0-0 8. Qc2 Re8+ 9. Ne2 h5 10. 0-0 h4 11. h3 Bc7 12. Bd2 Nd7 13. Rae1 Nf8 14. Nf4 Ne6 15. Nxe6 Bxe6 16. f4 Qd6 17. Bc1 Rad8 18. Qf2 Bxa2 19. Qxh4 g6 20. Qh6 Qf8 21. Qxf8+ Kxf8 22. b4 f5 23. Bd2 Bb6 24. Kf2 Be6 25. Rb1 Bxd4+ 26. cxd4 Rxd4 27. Be3 Rxd3 28. Bxa7 Rd2+ 29. Kg3 Bd5 30. Bc5+ Kg7 31. Rf2 Ree2 32. Rxe2 Rxe2 33. Rb2 Re4 34. b5 cxb5 35. Rxb5 Bc6 36. Rb4 Rxb4 37. Bxb4 Kf6 38. Kf2 Ke6 39. g4 Be4 40. Ke3 Kd5 41. Kd2 Kc4 42. Be7 b5 43. Bf6 b4 44. g5 Kd5 45. Ke3 Bc2 46. h4 Bd1 47. Be5 Kc4 48. Kd2 Ba4 49. Bf6 Kb3 50. Kc1 Ka2 51. Be7 b3 1/2-1/2

[Event "Lugo"]
[Site "Lugo"]
[Date "2020.02.16"]
[Round "8"]
[White "Casares Cabanas, Carlos"]
[Black "Sousa, Andre Ventura"]
[Result "0-1"]
[WhiteElo "2110"]
[BlackElo "2392"]
[PlyCount "86"]
[EventDate "2020.02.09"]
[EventType "tourn"]
[EventRounds "9"]
[EventCountry "ESP"]
[SourceTitle "EXT 2024"]
[Source "ChessBase"]
[SourceDate "2023.10.10"]
[SourceVersion "1"]
[SourceVersionDate "2023.10.10"]
[SourceQuality "1"]

1. e4 e5 2. Nf3 Nc6 3. Bc4 Bc5 4. d3 Nf6 5. 0-0 0-0 6. h3 d5 7. exd5 Nxd5 8. Re1 Be6 9. c3 Qd7 10. b4 Be7 11. b5 Na5 12. Nxe5 Qd8 13. Bb3 Bf6 14. Bc2 c5 15. Bd2 Re8 16. Ng4 Bxg4 17. Rxe8+ Qxe8 18. hxg4 Qe5 19. Qf3 Rd8 20. Na3 Nxc3 21. Re1 Qd6 22. g5 Bd4 23. g3 b6 24. Bxc3 Bxc3 25. Re2 g6 26. Qe4 Bd4 27. Kg2 Kg7 28. Nc4 Nxc4 29. dxc4 Bc3 30. Qf3 Bd2 31. Be4 Bxg5 32. Bd5 Bf6 33. Qe4 h5 34. Re3 Bd4 35. Re2 Bf6 36. Re3 Rf8 37. Re2 Qd7 38. Bc6 Qd1 39. Bd5 Qa1 40. Qf4 h4 41. gxh4 Rh8 42. Qc7 Rxh4 43. Qxf7+ Kh6 0-1

[Event "Lugo"]
[Site "Lugo"]
[Date "2020.02.11"]
[Round "4"]
[White "Casares Cabanas, Carlos"]
[Black "Lopez, Jasel"]
[Result "0-1"]
[WhiteElo "2110"]
[BlackElo "2414"]
[PlyCount "58"]
[EventDate "2020.02.09"]
[EventType "tourn"]
[EventRounds "9"]
[EventCountry "ESP"]
[SourceTitle "EXT 2024"]
[Source "ChessBase"]
[SourceDate "2023.10.10"]
[SourceVersion "1"]
[SourceVersionDate "2023.10.10"]
[SourceQuality "1"]

1. e4 e6 2. d4 d5 3. Nc3 Bb4 4. e5 c5 5. a3 Bxc3+ 6. bxc3 Ne7 7. Qg4 Kf8 8. Qd1 Qa5 9. Bd2 Qa4 10. Nf3 b6 11. dxc5 bxc5 12. c4 Nbc6 13. cxd5 exd5 14. c3 Qe4+ 15. Qe2 Bf5 16. Qxe4 Bxe4 17. Ng5 Bf5 18. f4 f6 19. Nf3 Rb8 20. Be3 c4 21. Be2 Kf7 22. 0-0 Rb2 23. Rfe1 Rhb8 24. exf6 gxf6 25. Nd2 Rc2 26. Rec1 Rbb2 27. Rxc2 Rxc2 28. g4 Rxc3 29. Kf2 Bd3 0-1

[Event "Pontevedra op 7th"]
[Site "Pontevedra"]
[Date "2019.08.10"]
[Round "4"]
[White "Casares Cabanas, Carlos"]
[Black "Espineira Gonzalez, Diego Adrian"]
[Result "1/2-1/2"]
[WhiteElo "2105"]
[BlackElo "2362"]
[PlyCount "54"]
[EventDate "2019.08.08"]
[EventType "swiss"]
[EventRounds "9"]
[EventCountry "ESP"]
[SourceTitle "EXT 2020"]
[Source "ChessBase"]
[SourceDate "2019.10.17"]
[SourceVersion "1"]
[SourceVersionDate "2019.10.17"]
[SourceQuality "1"]

1. e4 e6 2. d4 d5 3. Nc3 Bb4 4. e5 Ne7 5. a3 Bxc3+ 6. bxc3 c5 7. Qg4 Kf8 8. Bd2 Nbc6 9. Nf3 Qa5 10. dxc5 Qxc5 11. Bd3 Bd7 12. h4 h5 13. Qf4 Nf5 14. 0-0 Nce7 15. Qb4 b6 16. Qxc5 bxc5 17. Rfb1 Bc6 18. Bg5 Ke8 19. Ra2 Kd7 20. Rab2 Kc7 21. Nd2 c4 22. Bxf5 Nxf5 23. Nf3 Rab8 24. Nd4 Rxb2 25. Rxb2 Nxd4 26. cxd4 Rb8 27. Rxb8 Kxb8 1/2-1/2

[Event "Pontevedra op-A 6th"]
[Site "Pontevedra"]
[Date "2018.08.10"]
[Round "4"]
[White "Casares Cabanas, Carlos"]
[Black "Adams, Philip"]
[Result "1/2-1/2"]
[WhiteElo "2113"]
[BlackElo "1982"]
[PlyCount "46"]
[EventDate "2018.08.08"]
[EventType "swiss"]
[EventRounds "9"]
[EventCountry "ESP"]
[SourceTitle "EXT 2021"]
[Source "ChessBase"]
[SourceDate "2020.10.23"]
[SourceVersion "1"]
[SourceVersionDate "2020.10.23"]
[SourceQuality "1"]

1. e4 c5 2. Nf3 Nc6 3. d4 cxd4 4. Nxd4 g6 5. c4 Bg7 6. Be3 Nf6 7. Nc3 0-0 8. Be2 d6 9. Qd2 Bd7 10. f3 Nxd4 11. Bxd4 Bc6 12. 0-0 a5 13. b3 Nd7 14. Be3 Nc5 15. Rab1 e6 16. Rfd1 Be5 17. Bd4 Qe7 18. Bxe5 dxe5 19. Qe3 Rfd8 20. Rxd8+ Rxd8 21. Rd1 b6 22. Rd2 Qf6 23. Rxd8+ Qxd8 1/2-1/2

[Event "Ferrol op 32th"]
[Site "Ferrol"]
[Date "2017.07.23"]
[Round "8"]
[White "Ferreiro Solla, Pablo"]
[Black "Casares Cabanas, Carlos"]
[Result "0-1"]
[WhiteElo "1826"]
[BlackElo "2079"]
[PlyCount "88"]
[EventDate "2017.07.16"]
[EventType "swiss"]
[EventRounds "9"]
[EventCountry "ESP"]
[SourceTitle "EXT 2024"]
[Source "ChessBase"]
[SourceDate "2023.10.10"]
[SourceVersion "1"]
[SourceVersionDate "2023.10.10"]
[SourceQuality "1"]

1. e4 c5 2. Nc3 e6 3. Nge2 Nc6 4. d4 cxd4 5. Nxd4 a6 6. Nb3 Qc7 7. Be3 Nf6 8. Be2 b5 9. a3 d6 10. 0-0 Be7 11. f4 0-0 12. Bf3 Bb7 13. g4 Nd7 14. Qe1 Nb6 15. Nd2 b4 16. Qf2 Nd7 17. Na4 Rad8 18. Nb6 Nc5 19. Ndc4 bxa3 20. Rxa3 Nb4 21. Bxc5 dxc5 22. Bg2 Nc6 23. Raa1 Rd4 24. c3 Rdd8 25. Rad1 Na7 26. e5 Nc8 27. Bxb7 Qxb7 28. Nxc8 Rxc8 29. Nd6 Bxd6 30. Rxd6 h6 31. Ra1 Rc6 32. Rad1 Qb5 33. Rxc6 Qxc6 34. Qe2 c4 35. Rd4 Rc8 36. Qd1 Qb6 37. Kf1 Rb8 38. Rxc4 Qxb2 39. Rb4 Rxb4 40. cxb4 Qxb4 41. Qd8+ Kh7 42. Qd3+ g6 43. Qf3 Qd4 44. Kg2 Qd5 0-1

[Event "Ferrol op 31th"]
[Site "Ferrol"]
[Date "2016.07.26"]
[Round "8"]
[White "Chen Lin, Yan Qing"]
[Black "Casares Cabanas, Carlos"]
[Result "0-1"]
[WhiteElo "1536"]
[BlackElo "2174"]
[PlyCount "69"]
[EventDate "2016.07.18"]
[EventType "swiss"]
[EventRounds "9"]
[EventCountry "ESP"]
[SourceTitle "EXT 2024"]
[Source "ChessBase"]
[SourceDate "2023.10.10"]
[SourceVersion "1"]
[SourceVersionDate "2023.10.10"]
[SourceQuality "1"]

1. d4 Nf6 2. c4 g6 3. Nc3 Bg7 4. e4 d6 5. Nf3 0-0 6. Be2 e5 7. dxe5 dxe5 8. Qxd8 Rxd8 9. Bg5 Re8 10. 0-0-0 h6 11. Bh4 Na6 12. Rhe1 g5 13. Bg3 Nh5 14. Bxe5 Bxe5 15. Nxe5 Nf4 16. Bg4 Rxe5 17. Rd8+ Kg7 18. Bxc8 Ne6 19. Re8 Rb8 20. Rd1 c6 21. Rd7 Nac5 22. Rde7 Kf6 23. Bxe6 Rxe8 24. Rxe8 fxe6 25. f3 g4 26. Rg8 gxf3 27. gxf3 Rh5 28. Rg2 Rh3 29. Kd2 Rxf3 30. b4 Nd3 31. a3 Nf4 32. Rg3 Rf1 33. Ke3 e5 34. Rf3 Re1+ 35. Ne2 0-1

[Event "Ferrol op 31th"]
[Site "Ferrol"]
[Date "2016.07.19"]
[Round "2"]
[White "Casares Cabanas, Carlos"]
[Black "Teske, Henrik"]
[Result "1/2-1/2"]
[WhiteElo "2174"]
[BlackElo "2483"]
[PlyCount "74"]
[EventDate "2016.07.18"]
[EventType "swiss"]
[EventRounds "9"]
[EventCountry "ESP"]
[SourceTitle "EXT 2024"]
[Source "ChessBase"]
[SourceDate "2023.10.10"]
[SourceVersion "1"]
[SourceVersionDate "2023.10.10"]
[SourceQuality "1"]

1. e4 g6 2. d4 Bg7 3. Nc3 d6 4. f4 a6 5. Nf3 b5 6. Be3 e6 7. Bd3 Nd7 8. f5 exf5 9. exf5 Ne7 10. fxg6 hxg6 11. Bg5 f6 12. Bd2 f5 13. Qe2 c5 14. dxc5 Nxc5 15. 0-0-0 Ra7 16. Rhe1 0-0 17. Bg5 Bxc3 18. Bxe7 Rxe7 19. Qxe7 Bxe1 20. Qxd8 Rxd8 21. Rxe1 Bb7 22. Re7 Kf8 23. Rc7 Rd7 24. Rxd7 Nxd7 25. Kd2 Ke7 26. Ke3 Kf6 27. h4 Nc5 28. Kd4 Ne6+ 29. Ke3 Nc7 30. Kd4 Nd5 31. a3 Nf4 32. Bf1 Ne6+ 33. Ke3 Bc6 34. c3 Nc5 35. b4 Ne6 36. g3 Nc7 37. c4 Bd7 1/2-1/2

[Event "ESP-chT CECLUB Div2 Gp1"]
[Site "Padron"]
[Date "2011.08.14"]
[Round "6"]
[White "Varas, Carlos"]
[Black "Casares Cabanas, Carlos"]
[Result "1-0"]
[WhiteElo "2244"]
[BlackElo "2206"]
[PlyCount "65"]
[EventDate "2011.08.10"]
[EventType "team-swiss"]
[EventRounds "6"]
[EventCountry "ESP"]
[SourceTitle "CBM 143 Extra"]
[Source "ChessBase"]
[SourceDate "2011.08.29"]
[SourceVersion "1"]
[SourceVersionDate "2011.08.29"]
[SourceQuality "1"]
[WhiteTeam "Bilbao Haitzak"]
[BlackTeam "De Las Artes"]
[WhiteTeamCountry "ESP"]
[BlackTeamCountry "ESP"]

1. e4 c5 2. Nf3 d6 3. d4 cxd4 4. Nxd4 Nf6 5. Nc3 a6 6. Be2 e6 7. 0-0 Qc7 8. a4 Nc6 9. Kh1 Be7 10. f4 0-0 11. Be3 Re8 12. Nb3 b6 13. Bf3 Bb7 14. Qe2 Bf8 15. Rae1 Nd7 16. g4 Nc5 17. Bg2 g6 18. Rf3 Bg7 19. Rh3 Nb4 20. g5 f5 21. exf5 gxf5 22. Rg1 Qf7 23. Bxb7 Qxb7+ 24. Rg2 Qf7 25. g6 hxg6 26. Rhg3 Kh7 27. Nd2 Bf6 28. Nf3 Kg7 29. Bd4 Bxd4 30. Nxd4 Rg8 31. Qh5 Kf8 32. Rxg6 Ke7 33. Qg5+ 1-0

[Event "Leon op"]
[Site "Leon"]
[Date "2008.12.26"]
[Round "2"]
[White "Casares Cabanas, Carlos"]
[Black "Shirov, Alexei"]
[Result "0-1"]
[WhiteElo "2188"]
[BlackElo "2726"]
[PlyCount "50"]
[EventDate "2008.12.26"]
[EventType "swiss (rapid)"]
[EventRounds "9"]
[EventCountry "ESP"]
[SourceTitle "CBM 127 Extra"]
[Source "ChessBase"]
[SourceDate "2009.01.08"]
[SourceVersion "2"]
[SourceVersionDate "2009.01.28"]
[SourceQuality "1"]

1. e4 c5 2. Nf3 d6 3. d4 cxd4 4. Nxd4 Nf6 5. Nc3 a6 6. Bc4 b5 7. Bb3 e6 8. Be3 Be7 9. f4 b4 10. Na4 Bb7 11. 0-0 Bxe4 12. f5 e5 13. Nf3 0-0 14. Ng5 Bc6 15. Nb6 Nbd7 16. Nxa8 Qxa8 17. Rf2 d5 18. c3 bxc3 19. bxc3 h6 20. Nh3 Ne4 21. Rf3 Nxc3 22. Qe1 Ne4 23. Nf2 d4 24. Bc1 Bh4 25. g3 Nec5 0-1

[Event "Pontevedra op 21st"]
[Site "Pontevedra"]
[Date "2008.08.16"]
[Round "7"]
[White "Casares Cabanas, Carlos"]
[Black "Permuy Lorenzo, Carlos Javier"]
[Result "1/2-1/2"]
[WhiteElo "2203"]
[BlackElo "2335"]
[PlyCount "77"]
[EventDate "2008.08.10"]
[EventType "swiss"]
[EventRounds "9"]
[EventCountry "ESP"]
[SourceTitle "CBM 125 Extra"]
[Source "ChessBase"]
[SourceDate "2008.09.01"]
[SourceVersion "1"]
[SourceVersionDate "2008.09.01"]
[SourceQuality "1"]

1. e4 c5 2. Nf3 Nc6 3. d4 cxd4 4. Nxd4 g6 5. c4 Nf6 6. Nc3 Nxd4 7. Qxd4 d6 8. Bg5 Bg7 9. f3 Qa5 10. Qd2 Be6 11. Nd5 Qxd2+ 12. Kxd2 Nxd5 13. cxd5 Bd7 14. Rc1 Bxb2 15. Rb1 Bd4 16. Rxb7 Bb6 17. Be3 f5 18. Bxb6 axb6 19. Bc4 b5 20. Bb3 0-0-0 21. Ra7 Kb8 22. Ra3 fxe4 23. fxe4 Rhf8 24. Re1 Rf2+ 25. Re2 Rxe2+ 26. Kxe2 Kb7 27. Bc2 Kb6 28. h3 Rf8 29. Bd3 g5 30. Rb3 Ra8 31. Bb1 Ra7 32. Ke3 h6 33. a3 Ka5 34. Rc3 Kb6 35. Bc2 Ra8 36. Bd1 Rg8 37. Be2 Rf8 38. Rc1 Ra8 39. Rc3 1/2-1/2

[Event "Pontevedra op 21st"]
[Site "Pontevedra"]
[Date "2008.08.15"]
[Round "6"]
[White "Casares Cabanas, Carlos"]
[Black "Rodriguez Calvo, Manoel"]
[Result "1-0"]
[WhiteElo "2203"]
[BlackElo "2167"]
[PlyCount "23"]
[EventDate "2008.08.10"]
[EventType "swiss"]
[EventRounds "9"]
[EventCountry "ESP"]
[SourceTitle "CBM 125 Extra"]
[Source "ChessBase"]
[SourceDate "2008.09.01"]
[SourceVersion "1"]
[SourceVersionDate "2008.09.01"]
[SourceQuality "1"]

1. e4 e5 2. Nf3 Nc6 3. Bc4 Bc5 4. c3 Qe7 5. 0-0 Nf6 6. d4 Bb6 7. Re1 d6 8. h3 h6 9. a4 0-0 10. d5 Na5 11. Bf1 c5 12. b4 1-0

[Event "Pontevedra op 21st"]
[Site "Pontevedra"]
[Date "2008.08.12"]
[Round "3"]
[White "Spassov, Liuben"]
[Black "Casares Cabanas, Carlos"]
[Result "1-0"]
[WhiteElo "2428"]
[BlackElo "2203"]
[PlyCount "61"]
[EventDate "2008.08.10"]
[EventType "swiss"]
[EventRounds "9"]
[EventCountry "ESP"]
[SourceTitle "CBM 125 Extra"]
[Source "ChessBase"]
[SourceDate "2008.09.01"]
[SourceVersion "1"]
[SourceVersionDate "2008.09.01"]
[SourceQuality "1"]

1. d4 Nf6 2. c4 g6 3. Nc3 Bg7 4. e4 d6 5. f3 0-0 6. Bg5 c5 7. d5 e6 8. Qd2 h6 9. Be3 exd5 10. cxd5 a6 11. a4 Nbd7 12. Nh3 Nh7 13. Nf2 h5 14. Be2 Ne5 15. 0-0 f5 16. h3 h4 17. a5 Bd7 18. Ra3 Rb8 19. Rb1 b5 20. axb6 Rxb6 21. Rxa6 Rxa6 22. Bxa6 f4 23. Bxf4 g5 24. Bh2 Qb6 25. Be2 Ng6 26. Kh1 Nf4 27. Nd3 Nxe2 28. Nxe2 c4 29. Bg1 Qb3 30. Ndc1 Qb8 31. Bd4 1-0

[Event "Pedrido Memorial"]
[Site "Vilagarcia de Arousa"]
[Date "2006.08.31"]
[Round "7"]
[White "Dobrev, Nanko"]
[Black "Casares Cabanas, Carlos"]
[Result "1-0"]
[WhiteElo "2422"]
[BlackElo "2207"]
[PlyCount "71"]
[EventDate "2006.07.25"]
[EventType "swiss"]
[EventRounds "9"]
[EventCountry "ESP"]
[SourceTitle "CBM 113 Extra"]
[Source "ChessBase"]
[SourceDate "2006.09.14"]
[SourceVersion "1"]
[SourceVersionDate "2006.09.14"]
[SourceQuality "1"]

1. d4 Nf6 2. Nf3 g6 3. c4 Bg7 4. Nc3 0-0 5. e4 d6 6. Be2 e5 7. 0-0 Nc6 8. d5 Ne7 9. b4 Nh5 10. Re1 Kh8 11. a4 f5 12. a5 Ng8 13. c5 Nf4 14. Bc4 Nf6 15. exf5 gxf5 16. Bxf4 exf4 17. Ra3 Ng4 18. Ne2 Ne5 19. Ba2 Ng6 20. Ned4 Qf6 21. Nb5 Qd8 22. Nfd4 a6 23. Rh3 f3 24. Qxf3 Re8 25. Rxe8+ Qxe8 26. Qe3 Qxe3 27. Rxe3 axb5 28. Re8+ Bf8 29. c6 b6 30. Nxb5 bxa5 31. Nxc7 Rb8 32. b5 Kg7 33. g3 a4 34. Rxc8 Rxc8 35. Ne6+ Kf7 36. b6 1-0

[Event "Pedrido Memorial"]
[Site "Vilagarcia de Arousa"]
[Date "2006.08.01"]
[Round "8"]
[White "Casares Cabanas, Carlos"]
[Black "Crespo Gavilan, Abel"]
[Result "1-0"]
[WhiteElo "2207"]
[BlackElo "2027"]
[PlyCount "61"]
[EventDate "2006.07.25"]
[EventType "swiss"]
[EventRounds "9"]
[EventCountry "ESP"]
[SourceTitle "CBM 113 Extra"]
[Source "ChessBase"]
[SourceDate "2006.09.14"]
[SourceVersion "1"]
[SourceVersionDate "2006.09.14"]
[SourceQuality "1"]

1. e4 c6 2. d4 d5 3. Nd2 dxe4 4. Nxe4 Bf5 5. Ng3 Bg6 6. h4 h6 7. Nf3 Nd7 8. h5 Bh7 9. Bd3 Bxd3 10. Qxd3 Ngf6 11. Bf4 e6 12. 0-0-0 Be7 13. Kb1 Nd5 14. Bd2 Qc7 15. Ne4 0-0-0 16. c4 N5f6 17. g3 e5 18. Nxf6 Bxf6 19. d5 Nc5 20. Qf5+ Qd7 21. Qxd7+ Nxd7 22. dxc6 bxc6 23. Be3 Nb6 24. b3 Kb7 25. Kc2 Nd7 26. Rd2 e4 27. Rhd1 Nb6 28. Rxd8 Bxd8 29. Ne5 Bg5 30. Nxf7 Bxe3 31. fxe3 1-0

[Event "Albarino op"]
[Site "Albarino"]
[Date "2006.07.11"]
[Round "9"]
[White "Casares Cabanas, Carlos"]
[Black "Padeiro, Jose Joao Tato"]
[Result "1/2-1/2"]
[WhiteElo "2207"]
[BlackElo "2275"]
[PlyCount "59"]
[EventDate "2006.07.03"]
[EventType "swiss"]
[EventRounds "9"]
[EventCountry "ESP"]
[SourceTitle "CBM 113 Extra"]
[Source "ChessBase"]
[SourceDate "2006.09.14"]
[SourceVersion "1"]
[SourceVersionDate "2006.09.14"]
[SourceQuality "1"]

1. e4 d5 2. exd5 Nf6 3. d4 Bg4 4. Nf3 Qxd5 5. Be2 e6 6. h3 Qh5 7. Bf4 Bd6 8. Bxd6 cxd6 9. 0-0 Bxf3 10. Bxf3 Qb5 11. b3 d5 12. c4 Qd7 13. Nc3 0-0 14. cxd5 Nxd5 15. Nxd5 exd5 16. Rc1 Na6 17. Qd2 Nc7 18. Rc3 Ne6 19. Rfc1 Rad8 20. Bg4 Rc8 21. Qe3 Rxc3 22. Qxc3 Qd6 23. Bxe6 fxe6 24. Qe3 h6 25. g3 b6 26. Kg2 Re8 27. f4 Qd7 28. Qc3 Qf7 29. Re1 Qd7 30. Rc1 1/2-1/2

[Event "Albarino op"]
[Site "Albarino"]
[Date "2006.07.07"]
[Round "5"]
[White "Dimitrov, Vladimir"]
[Black "Casares Cabanas, Carlos"]
[Result "1-0"]
[WhiteElo "2454"]
[BlackElo "2207"]
[PlyCount "78"]
[EventDate "2006.07.03"]
[EventType "swiss"]
[EventRounds "9"]
[EventCountry "ESP"]
[SourceTitle "CBM 113 Extra"]
[Source "ChessBase"]
[SourceDate "2006.09.14"]
[SourceVersion "1"]
[SourceVersionDate "2006.09.14"]
[SourceQuality "1"]

1. c4 Nf6 2. g3 g6 3. Bg2 Bg7 4. Nc3 d6 5. e3 0-0 6. Nge2 c5 7. 0-0 Nc6 8. b3 Bf5 9. d3 Qd7 10. Bb2 Bh3 11. Qd2 Bxg2 12. Kxg2 d5 13. Nf4 dxc4 14. bxc4 e6 15. Qe2 Rfd8 16. Rad1 Rac8 17. f3 b6 18. g4 e5 19. Nh3 Ne8 20. Nf2 f5 21. gxf5 gxf5 22. Kh1 Nc7 23. Rg1 Kh8 24. Rg2 Rg8 25. Rdg1 Bf6 26. Qf1 Qf7 27. Ne2 Rxg2 28. Qxg2 Ne6 29. Qh3 Ne7 30. Ng3 Ng7 31. e4 f4 32. Nf5 Ngxf5 33. exf5 Rg8 34. Rd1 Bg7 35. Ng4 Nxf5 36. Nxe5 Qe6 37. Qh5 Nd6 38. Rd2 Rf8 39. Rg2 Nf5 1-0

[Event "Albarino op"]
[Site "Albarino"]
[Date "2006.07.04"]
[Round "2"]
[White "Casares Cabanas, Carlos"]
[Black "Manolache, Marius"]
[Result "0-1"]
[WhiteElo "2207"]
[BlackElo "2501"]
[PlyCount "74"]
[EventDate "2006.07.03"]
[EventType "swiss"]
[EventRounds "9"]
[EventCountry "ESP"]
[SourceTitle "CBM 113 Extra"]
[Source "ChessBase"]
[SourceDate "2006.09.14"]
[SourceVersion "1"]
[SourceVersionDate "2006.09.14"]
[SourceQuality "1"]

1. e4 c5 2. Nf3 e6 3. d4 cxd4 4. Nxd4 a6 5. Bd3 Nf6 6. 0-0 d6 7. c4 Nbd7 8. Nc3 g6 9. Be3 Bg7 10. Rc1 0-0 11. f3 Re8 12. Qd2 b6 13. Rfd1 Bb7 14. Bf1 Rc8 15. Nb3 Bf8 16. Qf2 Qc7 17. Qh4 Qb8 18. Bg5 Nh5 19. Qf2 Ba8 20. Be3 Be7 21. Nd4 Bd8 22. b4 Ne5 23. Na4 Bc7 24. Nb3 d5 25. cxd5 exd5 26. Bxb6 dxe4 27. Bxc7 Rxc7 28. Rxc7 Qxc7 29. Qc5 Qb8 30. fxe4 Bxe4 31. Qd6 Qc8 32. Nac5 Bc2 33. Rd4 Qf5 34. Nd7 Ng4 35. Rd2 Bxb3 36. axb3 Qg5 37. Qc5 Qxd2 0-1